01011nam a2200145Ia 4500008004100000020002900041100001400070245006400084250001100148260002300159300001400182942001400196999001500210952064000225180201s9999||||xx |||||||||||||| ||und|| cNT360a978-986-359-314-0 a馬新嵐 0c馬新嵐a面對人生,我們都是毫無準備的大人 a初版 c2016.11a新北市 c cm.a p. 2cclcBOOK c1126d1126 00102ccl4070ayeezenbyeezend2018-02-01l6m1o785.28 pC02328r2022-02-08 00:00:00s2022-01-27w2018-02-01yBOOKz我們旁觀他人的痛苦,束手無策,滿口蠢話。我們自身的悲慟總潛伏在日常生活,冷不防偷襲,成為永遠的傷口。好事壞事就這麼發生,我們有權利邊做邊錯邊學(並且再做再錯再學)。不需憂慮還沒到的未來,當個大人就是在準備好之前就挺身應戰。不用再企圖苦思正確得體的應對,笑出來粗乃也沒關係,哭到淚流內牛滿面也很好。別再質疑自己(畢竟有時候內心的聲音就是個白癡)。